[Event "AUTO-INT-3446"]
[Site "http://www.queenalice.com/game.php?id=1576567"]
[Date "2019.7.6"]
[Round "1"]
[White "sefaz2013"]
[Black "Brechtien"]
[Result "0-1"]
[WhiteElo "1670"]
[BlackElo "1705"]

1. d4 d5 2. Nf3 Nf6 3. Bg5 e6 4. c4 c6 5. Nc3 Be7 6. e3 O-O 7. Bd3 Nbd7 8. O-O
h6 9. Bh4 a6 10. c5 b6 11. b4 b5 12. a4 Bb7 13. Bc2 Nh7 14. Bxe7 Qxe7 15. Qd3
Nhf6 16. Ne5 g6 17. Nf3 e5 18. dxe5 Nxe5 19. Nxe5 Qxe5 20. f4 Qe7 21. axb5 axb5
22. e4 dxe4 23. Nxe4 Nxe4 24. Rfe1 Rxa1 25. Rxa1 Nf6 26. Ra7 Qe1+ 27. Qf1 Qxf1+
28. Kxf1 Bc8 29. Rc7 Bd7 30. h3 Rc8 31. Ra7 Kf8 32. g4 Be6 33. f5 Bd5 34. fxg6
fxg6 35. Bxg6 Rd8 36. Bf5 Bc4+ 37. Kf2 Bd5 38. h4 Re8 39. g5 hxg5 40. hxg5 Ne4+
0-1

[Event "AUTO-INT-3446"]
[Site "http://www.queenalice.com/game.php?id=1576568"]
[Date "2019.7.6"]
[Round "1"]
[White "Brechtien"]
[Black "sefaz2013"]
[Result "0-1"]
[WhiteElo "1664"]
[BlackElo "1616"]

1. Nf3 Nc6 2. d4 d5 3. e3 Bg4 4. c4 e6 5. cxd5 exd5 6. Be2 Nf6 7. O-O Bd6 8. a3
O-O 9. Nc3 a6 10. b4 b5 11. Bb2 h6 12. Rc1 Qd7 13. Nd2 Bxe2 14. Qxe2 Ne7 15. Nf3
Rac8 16. Nb1 Ne4 17. Nbd2 Qg4 18. h3 Qf5 19. Nxe4 dxe4 20. Nh2 Bxh2+ 21. Kh1 Bd6
0-1

[Event "AUTO-INT-3439"]
[Site "http://www.queenalice.com/game.php?id=1585161"]
[Date "2019.9.29"]
[Round "2"]
[White "Nuzzera"]
[Black "sefaz2013"]
[Result "0-1"]
[WhiteElo "1690"]
[BlackElo "1733"]

1. e3 c5 2. Qh5 e6 3. Nf3 Nf6 4. Qh3 Nc6 5. c3 d5 6. Bb5 Bd7 7. O-O Be7 8. Bxc6
Bxc6 9. Ne5 O-O 10. Nxc6 bxc6 11. b3 Rb8 12. f3 a5 13. d4 Qc8 14. Ba3 Qc7 15.
dxc5 Qa7 16. b4 axb4 17. cxb4 h6 18. Qh4 Nh7 19. Qd4 Bf6 20. Qg4 Bxa1 21. e4
Bd4+ 22. Kh1 Nf6 23. Qf4 e5 24. Qd2 dxe4 25. fxe4 Nxe4 26. Qd3 Nf2+ 27. Rxf2
Bxf2 28. Nd2 Rbd8 29. Qc3 Be1 30. Bb2 Bxd2 31. Qxe5 f6 32. Qe6+ Qf7 33. Qxc6
Bxb4 34. h3 Qd5 35. Qa4 Qd1+ 36. Qxd1 Rxd1+ 37. Kh2 Bxc5 38. Bc3 Bd6+ 39. g3 Rd3
40. Be1 Re8 41. Bf2 Re2 42. Kg2 Bxg3 43. Kf1 Rxf2+ 44. Ke1 Rxa2+ 0-1

[Event "AUTO-INT-3439"]
[Site "http://www.queenalice.com/game.php?id=1585162"]
[Date "2019.9.29"]
[Round "2"]
[White "sefaz2013"]
[Black "Nuzzera"]
[Result "1-0"]
[WhiteElo "1716"]
[BlackElo "1730"]

1. d4 e6 2. Nf3 c6 3. e4 c5 4. c3 cxd4 5. cxd4 Nc6 6. Bb5 Qa5+ 7. Nc3 Bb4 8.
Bxc6 bxc6 9. Bd2 f6 10. O-O Ba6 11. Re1 O-O-O 12. a3 Bd6 13. b4 Qb6 14. e5 Be7
15. Rb1 fxe5 16. dxe5 Nh6 17. Na4 Qc7 18. Bxh6 gxh6 19. Nd4 Bb5 20. Nxb5 Qb8 21.
Nd6+ Bxd6 22. Qxd6 Qb5 23. Nc5 Rhf8 24. a4 Qc4 25. b5 Qf4 26. Rf1 Rf5 27. bxc6
Qxe5 28. Rb8# 1-0

[Event "AUTO-INT-3439"]
[Site "http://www.queenalice.com/game.php?id=1585163"]
[Date "2019.9.29"]
[Round "2"]
[White "Peppone"]
[Black "sefaz2013"]
[Result "1-0"]
[WhiteElo "1928"]
[BlackElo "1736"]

1. e4 c5 2. Nf3 Nc6 3. d4 cxd4 4. Nxd4 Nf6 5. Nc3 a6 6. Bg5 e6 7. e5 Nxe5 8. Qe2
Nc6 9. Nxc6 bxc6 10. Ne4 Be7 11. Rd1 O-O 12. Nxf6+ Bxf6 13. Bxf6 Qxf6 14. c3 d5
15. Rd3 a5 16. Rf3 Qg5 17. Qd2 Qxd2+ 18. Kxd2 e5 19. Re3 f6 20. Be2 d4 21. cxd4
exd4 22. Re4 c5 23. Bc4+ Kh8 24. Rhe1 Ba6 25. Bxa6 Rxa6 26. Kd3 h6 27. Kc4 Rb6
28. b3 Rb4+ 29. Kxc5 Rc8+ 30. Kd5 Rc2 31. R4e2 Rc8 32. Rd2 Kh7 33. Re4 a4 34.
bxa4 Rd8+ 35. Kc5 Rxa4 36. Rexd4 Rdxd4 37. Rxd4 Rxa2 38. Rf4 f5 39. Kd5 Kg6 40.
h3 Kf6 41. Kd4 g5 42. Rf3 Ra4+ 43. Ke3 Ke5 44. g3 f4+ 45. gxf4+ gxf4+ 46. Ke2
Ra2+ 47. Kf1 Ke4 48. Rb3 f3 49. Re3+ Kf4 50. h4 Ra1+ 51. Re1 Rxe1+ 52. Kxe1 Kg4
53. Kf1 Kxh4 54. Kg1 Kh3 55. Kh1 h5 56. Kg1 h4 57. Kh1 Kg4 58. Kh2 h3 59. Kg1
Kf4 60. Kh2 Ke4 61. Kxh3 Kd3 62. Kg4 Ke2 63. Kg3 1-0

[Event "AUTO-INT-3439"]
[Site "http://www.queenalice.com/game.php?id=1585164"]
[Date "2019.9.29"]
[Round "2"]
[White "sefaz2013"]
[Black "Peppone"]
[Result "0-1"]
[WhiteElo "1747"]
[BlackElo "1860"]

1. d4 Nf6 2. Nf3 d5 3. Bf4 Nc6 4. e3 e6 5. Bb5 Bd7 6. Bxc6 Bxc6 7. O-O Be7 8.
Nbd2 Nh5 9. Bg3 Nxg3 10. fxg3 O-O 11. Ne5 Bf6 12. Nxc6 bxc6 13. c3 Rb8 14. Rb1
Rb6 15. e4 dxe4 16. Nxe4 Be7 17. c4 Qb8 18. c5 Rxb2 19. Rxb2 Qxb2 20. Qd2 Rb8
21. Qa5 Qxd4+ 22. Nf2 Bxc5 23. Qxc7 Rb2 24. Qc8+ Bf8 25. Qxc6 h6 26. Qe4 Bc5 27.
Qxd4 Bxd4 28. g4 Rxa2 29. g3 a5 30. Kg2 a4 0-1

[Event "AUTO-OPEN-4136"]
[Site "http://www.queenalice.com/game.php?id=1599318"]
[Date "2020.2.13"]
[Round "1"]
[White "Eggchaser"]
[Black "sefaz2013"]
[Result "1-0"]
[WhiteElo "1861"]
[BlackElo "1711"]

1. d4 d5 2. c4 c6 3. Nc3 e6 4. Nf3 Nf6 5. Bg5 Be7 6. e3 O-O 7. Bd3 h6 8. Bh4
Nbd7 9. O-O Nh7 10. Bxe7 Qxe7 11. Rc1 Nhf6 12. cxd5 cxd5 13. a3 a6 14. Qc2 b5
15. Na2 Nb6 16. Qc7 Qxc7 17. Rxc7 Na4 18. b3 Nb6 19. Rfc1 Bd7 20. Ne5 Rfd8 21.
Nxd7 Rxd7 22. Nb4 a5 23. Rxd7 Nfxd7 24. Nc6 b4 25. axb4 a4 26. bxa4 Rxa4 27. Bb5
Ra3 28. g3 Nf6 29. Ne5 Ne4 30. Bd3 f6 31. Bxe4 dxe4 32. Nc4 Nxc4 33. Rxc4 Rb3
34. Rc6 e5 35. dxe5 fxe5 36. Rc4 Kf7 37. Rxe4 Kf6 38. Rc4 Kf5 39. e4+ Kg4 40.
Kg2 Rb2 41. h3+ Kg5 42. Rc5 Rxb4 43. Rxe5+ Kf6 44. Re8 1-0

[Event "AUTO-OPEN-4136"]
[Site "http://www.queenalice.com/game.php?id=1599319"]
[Date "2020.2.13"]
[Round "1"]
[White "sefaz2013"]
[Black "Eggchaser"]
[Result "0-1"]
[WhiteElo "1732"]
[BlackElo "1898"]

1. d4 d5 2. Nf3 Nf6 3. c4 e6 4. Bg5 Be7 5. e3 c6 6. Bd3 dxc4 7. Bxc4 O-O 8. O-O
Nbd7 9. Nc3 b5 10. Bb3 Bb7 11. h3 a6 12. a3 c5 13. Bc2 Rc8 14. Qe2 b4 15. Na4
Bxf3 16. Qxf3 cxd4 17. Bd3 Ne5 18. Qe2 Nxd3 19. Qxd3 dxe3 20. Qxd8 exf2+ 21.
Rxf2 Rcxd8 22. Rc1 bxa3 23. bxa3 Rd5 24. Bxf6 Bxf6 25. Rfc2 g6 26. Kh1 Rfd8 27.
Nb6 Rd1+ 28. Kh2 Be5+ 29. g3 Rxc1 30. Rxc1 Rd3 0-1

[Event "AUTO-OPEN-4136"]
[Site "http://www.queenalice.com/game.php?id=1599338"]
[Date "2020.2.13"]
[Round "1"]
[White "Bigchess"]
[Black "sefaz2013"]
[Result "1-0"]
[WhiteElo "1841"]
[BlackElo "1722"]

1. e4 c5 2. Nf3 Nc6 3. Bc4 e6 4. d3 d6 5. Qe2 h6 6. Be3 a6 7. a3 b5 8. Ba2 e5 9.
Nbd2 Nf6 10. Nf1 Be7 11. Ng3 O-O 12. O-O Ng4 13. Nf5 Bxf5 14. exf5 Nxe3 15. fxe3
d5 16. Kh1 Qc8 17. Bxd5 Bf6 18. e4 Rb8 19. c4 bxc4 20. dxc4 Na5 21. b4 cxb4 22.
axb4 Nb3 23. Ra3 Rxb4 24. Qa2 a5 25. Rxb3 Rxb3 26. Qxb3 Qc5 27. Ra1 Qb4 28. Qa2
1-0

[Event "AUTO-OPEN-4136"]
[Site "http://www.queenalice.com/game.php?id=1599339"]
[Date "2020.2.13"]
[Round "1"]
[White "sefaz2013"]
[Black "Bigchess"]
[Result "1-0"]
[WhiteElo "1708"]
[BlackElo "1906"]

1. d4 d5 2. Nf3 e6 3. c4 Nf6 4. Bg5 Be7 5. e3 dxc4 6. Bxc4 O-O 7. O-O Nc6 8.
Nbd2 b6 9. a4 Bb7 10. Rb1 a5 11. h3 Nd5 12. Bxe7 Ncxe7 13. Qb3 Ng6 14. Qd3 c6
15. Nb3 Nb4 16. Qe2 Kh8 17. Nfd2 e5 18. Rfd1 e4 19. Nxe4 f5 20. Nc3 Qf6 21. Nd2
c5 22. d5 Rad8 23. Nf3 Ne5 24. Nxe5 Qxe5 25. f4 Qe7 26. Qf3 Rfe8 27. Re1 Nc2 28.
Re2 Nb4 29. Rd1 Qf6 30. Qg3 Na6 31. Bxa6 Bxa6 32. Nb5 Bxb5 33. axb5 g6 34. Qf3
Re4 35. g4 Rb4 36. g5 Qf7 37. e4 fxe4 38. Rxe4 Rxb5 39. b3 Rb4 40. Rxb4 axb4 41.
d6 Qxb3 42. Qxb3 b5 43. Qf7 1-0

[Event "AUTO-OPEN-4136"]
[Site "http://www.queenalice.com/game.php?id=1599350"]
[Date "2020.2.13"]
[Round "1"]
[White "sefaz2013"]
[Black "jupar"]
[Result "0-1"]
[WhiteElo "1713"]
[BlackElo "2111"]

1. d4 d5 2. Nf3 Nf6 3. c4 e6 4. Bg5 Be7 5. e3 c6 6. Bd3 Nbd7 7. O-O O-O 8. Nbd2
h6 9. Bxf6 Bxf6 10. c5 e5 11. dxe5 Nxe5 12. Nxe5 Bxe5 13. Rb1 Qe7 14. b4 a6 15.
Nf3 Bg4 16. h3 Bh5 17. Be2 Bc7 18. Nd4 Bg6 19. Rc1 Qe5 20. Nf3 Qe7 21. Bd3 Be4
22. Bxe4 dxe4 23. Nd4 Rad8 24. Qb3 Rd5 25. Nf5 Rxf5 26. Rcd1 Rg5 0-1

[Event "AUTO-OPEN-4136"]
[Site "http://www.queenalice.com/game.php?id=1599351"]
[Date "2020.2.13"]
[Round "1"]
[White "jupar"]
[Black "sefaz2013"]
[Result "1-0"]
[WhiteElo "2102"]
[BlackElo "1665"]

1. e4 c5 2. Nf3 Nc6 3. c3 e5 4. d4 cxd4 5. cxd4 exd4 6. Nxd4 Nf6 7. Nc3 Bb4 8.
h3 O-O 9. Nxc6 Bxc3+ 10. bxc3 dxc6 11. Qxd8 Rxd8 12. Bg5 h6 13. Bh4 g5 14. Bg3
Nxe4 15. Rc1 Nxg3 16. fxg3 Be6 17. a3 Rd6 18. Be2 Rad8 19. O-O Rd2 20. Rfd1
Rxd1+ 21. Rxd1 Rxd1+ 22. Bxd1 b5 23. Kf2 Kg7 24. Bf3 c5 25. Bc6 a6 26. Ke3 Kf6
27. g4 Ke5 28. g3 f6 29. Be8 f5 30. gxf5 Bxf5 31. h4 1-0

[Event "AUTO-ADV-4297"]
[Site "http://www.queenalice.com/game.php?id=1599437"]
[Date "2020.2.13"]
[Round "1"]
[White "Eggchaser"]
[Black "sefaz2013"]
[Result "1-0"]
[WhiteElo "1894"]
[BlackElo "1711"]

1. d4 d5 2. c4 c6 3. Nc3 e6 4. e4 Bb4 5. exd5 cxd5 6. Nf3 Ne7 7. Bd2 O-O 8. Be2
a6 9. a3 Bxc3 10. Bxc3 Nbc6 11. O-O h6 12. b3 dxc4 13. bxc4 Bd7 14. Ne5 Nxe5 15.
dxe5 Bc6 16. Qxd8 Raxd8 17. Rfd1 Rxd1+ 18. Rxd1 b5 19. cxb5 axb5 20. Bb4 Re8 21.
Rc1 1-0

[Event "AUTO-ADV-4297"]
[Site "http://www.queenalice.com/game.php?id=1599438"]
[Date "2020.2.13"]
[Round "1"]
[White "sefaz2013"]
[Black "Eggchaser"]
[Result "0-1"]
[WhiteElo "1702"]
[BlackElo "1890"]

1. d4 Nf6 2. Nf3 d5 3. Bg5 Nbd7 4. e3 e6 5. Bd3 Be7 6. O-O O-O 7. Nbd2 h6 8.
Bxf6 Nxf6 9. c4 b6 10. Qc2 Bb7 11. h3 c6 12. a3 Rc8 13. Ne5 c5 14. b3 cxd4 15.
exd4 dxc4 16. bxc4 Qxd4 17. Ndf3 Qc5 18. Rab1 Rfd8 19. Be2 Bxf3 20. Nxf3 Nd5 21.
Rb5 Qxa3 22. Qb1 Nc3 0-1

[Event "AUTO-ADV-4297"]
[Site "http://www.queenalice.com/game.php?id=1599453"]
[Date "2020.2.13"]
[Round "1"]
[White "sefaz2013"]
[Black "askasl159"]
[Result "0-1"]
[WhiteElo "1748"]
[BlackElo "1694"]

1. d4 d5 2. Nf3 c5 3. c3 cxd4 4. cxd4 Nc6 5. Bf4 h6 6. e3 f6 7. Bb5 Bd7 8. O-O
a6 9. Ba4 b5 10. Bb3 Bf5 11. Nc3 e6 12. Nh4 Bh7 13. Bg3 Bd6 14. Bxd6 Qxd6 15.
Ne2 e5 16. Rc1 a5 17. a3 a4 18. Ba2 e4 19. g3 Nge7 20. Nf4 g5 21. Qh5+ Kd8 22.
Nhg6 Nxg6 23. Nxg6 Bxg6 24. Qxg6 Kc7 25. Qf7+ Kb6 26. Qxd5 Rad8 27. Qxe4 Rhe8
28. Qxe8 Rxe8 29. d5 Nd8 30. Rc3 Qe5 0-1

[Event "AUTO-ADV-4297"]
[Site "http://www.queenalice.com/game.php?id=1599454"]
[Date "2020.2.13"]
[Round "1"]
[White "askasl159"]
[Black "sefaz2013"]
[Result "1-0"]
[WhiteElo "1712"]
[BlackElo "1730"]

1. e4 c5 2. c3 Nc6 3. d4 cxd4 4. cxd4 e6 5. Bf4 Nf6 6. Nc3 Bb4 7. Qd3 O-O 8. e5
Nd5 9. Ne2 Nxf4 10. Nxf4 d5 11. a3 Bxc3+ 12. bxc3 Na5 13. Be2 Nc4 14. O-O b5 15.
a4 Ba6 16. axb5 Bxb5 17. Qc2 Qd7 18. Bxc4 Bxc4 19. Rfb1 h6 20. Rb4 a5 21. Rb6
Qc7 22. Rab1 Qe7 23. Rb7 Qg5 24. g3 h5 25. h4 Qg4 26. Kg2 g6 27. f3 Qf5 28. Qd1
1-0

[Event "AUTO-ADV-4297"]
[Site "http://www.queenalice.com/game.php?id=1599455"]
[Date "2020.2.13"]
[Round "1"]
[White "sefaz2013"]
[Black "josebaron"]
[Result "0-1"]
[WhiteElo "1728"]
[BlackElo "1987"]

1. d4 d5 2. Nf3 Nf6 3. c4 e6 4. Bg5 Be7 5. e3 dxc4 6. Bxc4 h6 7. Bxf6 Bxf6 8. e4
O-O 9. O-O c6 10. e5 Be7 11. Nc3 a6 12. a4 Nd7 13. Bb3 Nb6 14. Bc2 Nd5 15. Nxd5
cxd5 16. Qd3 g6 17. Nd2 Bg5 18. Nf3 Bd7 19. Nxg5 Qxg5 20. f4 Qd8 21. b4 b5 22.
a5 Rc8 23. Qh3 Kg7 24. Bd1 Rh8 25. Bg4 Rc4 0-1

[Event "AUTO-ADV-4297"]
[Site "http://www.queenalice.com/game.php?id=1599456"]
[Date "2020.2.13"]
[Round "1"]
[White "josebaron"]
[Black "sefaz2013"]
[Result "1/2-1/2"]
[WhiteElo "2032"]
[BlackElo "1694"]

1. e4 c5 2. Bc4 e6 3. Nc3 d6 4. Nf3 a6 5. a4 Nd7 6. O-O Be7 7. a5 Ngf6 8. d4
cxd4 9. Qxd4 e5 10. Qd1 O-O 11. h3 Nc5 12. Bd3 b6 13. axb6 Qxb6 14. Na4 Nxa4 15.
Rxa4 Bd7 16. Ra1 h6 17. b3 Bb5 18. Be3 Qb7 19. c4 Bc6 20. Qb1 Bxe4 21. Bxe4 Qxe4
22. Qxe4 Nxe4 23. Nd2 Nxd2 24. Bxd2 e4 25. Bc3 Rfb8 26. Rfb1 f6 27. g3 f5 28.
Bd4 a5 29. Kg2 a4 30. b4 g5 31. Ra2 Kf7 32. Bc3 Rc8 33. c5 dxc5 34. b5 Rcb8 35.
b6 Rb7 36. Rb5 Bd8 37. Ra5 Rxa5 38. Bxa5 Bxb6 39. Bxb6 1/2-1/2

[Event "AUTO-INT-3437"]
[Site "http://www.queenalice.com/game.php?id=1600655"]
[Date "2020.2.25"]
[Round "2"]
[White "sefaz2013"]
[Black "EdBrazil"]
[Result "0-1"]
[WhiteElo "1682"]
[BlackElo "1649"]

1. d4 d5 2. Nf3 f6 3. Bf4 g5 4. Bg3 b6 5. e3 Na6 6. Bd3 Bg4 7. O-O Nh6 8. c4 Nb4
9. a3 Nxd3 10. Qxd3 Bxf3 11. gxf3 e6 12. cxd5 Qxd5 13. e4 Qd7 14. e5 Nf5 15. Nc3
fxe5 0-1

[Event "AUTO-INT-3437"]
[Site "http://www.queenalice.com/game.php?id=1600656"]
[Date "2020.2.25"]
[Round "2"]
[White "EdBrazil"]
[Black "sefaz2013"]
[Result "1-0"]
[WhiteElo "1630"]
[BlackElo "1701"]

1. d4 d5 2. e3 Nc6 3. f4 Nf6 4. Nf3 Bg4 5. Bd3 e6 6. a3 Bd6 7. O-O O-O 8. h3
Bxf3 9. Qxf3 Ne4 10. Bxe4 dxe4 11. Qxe4 Qd7 12. f5 exf5 13. Rxf5 Rae8 14. Qg4
Nxd4 15. exd4 Kh8 16. Bd2 g6 17. Bh6 1-0